00702cam a2200229 a 4500001000800000005001700008008004100025010001700066020001500083040001800098041000800116080001500124082001900139100000600158101000800164245005900172504005300231906004500284942001200329999001700341952011400358331521920180215072442.0841022s1985 njua b 001 0 eng  a 84024816  a013078494X aDLCcDLCdDLC aeng a612.76 HAY00a612.76 HAY2191 a8 aEKF14aThe biomechanics of sports techniques /cJames G. Hay. aIncludes bibliographical references and indexes. a7bcbccorignewd1eocipf19gy-gencatlg 2ddccBK c42667d42667 00102udc40708PËKGa002b002cPËKGd2018-02-15l0o612.76 HAYp002-2998512r2018-02-15w2018-02-15yBK